20 Relatively Closest Country Pairs by Geographical Center - Statistics

General Stats
  • This quiz has been taken 50 times
  • The average score is 24 of 40
Answer Stats
Country % Correct
Italy
80%
Italy
80%
San Marino
80%
Vatican City
80%
Russia
78%
Lesotho
75%
South Africa
75%
Argentina
73%
Chile
73%
Laos
73%
Vietnam
73%
China
70%
Mongolia
70%
Mongolia
70%
Uzbekistan
63%
Uzbekistan
63%
Kazakhstan
60%
Republic of the Congo
60%
Togo
60%
Turkmenistan
60%
Canada
58%
Gambia
58%
Senegal
58%
Ukraine
58%
United States
58%
Bosnia and Herzegovina
55%
Gabon
55%
Moldova
55%
Benin
53%
Croatia
53%
Pakistan
53%
Afghanistan
50%
Indonesia
48%
Hungary
45%
Malaysia
45%
Guinea
43%
Slovakia
43%
Sierra Leone
38%
South Sudan
28%
Sudan
28%
No matching quizzes found
Score Distribution
Percent of People with Each Score
Percentile by Number Answered
Your Score History
You have not taken this quiz